LIBRARY & INFORMATION CENTRE, KCAET, TAVANUR

ONLINE PUBLIC ACCESS CATALOGUE (OPAC)

Food analysis theory and practice / (Record no. 2455)

MARC details
000 -LEADER
fixed length control field 00527cam a2200193ua 4500
020 ## - INTERNATIONAL STANDARD BOOK NUMBER
ISBN 0 412 98551 9
041 ## - LANGUAGE CODE
Language code of text/sound track or separate title eng
082 ## - DEWEY DECIMAL CLASSIFICATION NUMBER
Classification number 664.07
Item number POM/FO
100 ## - MAIN ENTRY--AUTHOR NAME
Personal name Pomerank, Yeshajehu .
245 ## - TITLE STATEMENT
Title Food analysis theory and practice /
250 ## - EDITION STATEMENT
Edition statement 3 /
260 ## - PUBLICATION, DISTRIBUTION, ETC. (IMPRINT)
Place of publication :
Name of publisher Chapman hall on international thomson ,
Year of publication 1994.
300 ## - PHYSICAL DESCRIPTION
Number of Pages 778 ; .
700 1# - ADDED ENTRY--PERSONAL NAME
Personal name Meloan, Clitton E .
942 ## - ADDED ENTRY ELEMENTS (KOHA)
Koha item type Books
Holdings
Withdrawn status Lost status Damaged status Home library Current library Date acquired Full call number Accession Number Koha item type
      KAUAET KAUAET 07/04/2012 664.07 19561 Books
free website counter